[Event "Foment Martinenc op-B 21st"]
[Site "Barcelona"]
[Date "2019.06.22"]
[Round "9"]
[White "Gonzalez Muelas, Marco Antonio"]
[Black "Rodriguez Sune, Sergi"]
[Result "1-0"]
[WhiteElo "1610"]
[BlackElo "1454"]
[PlyCount "53"]
[EventDate "2019.04.27"]
[EventType "swiss"]
[EventRounds "9"]
[EventCountry "ESP"]
[SourceTitle "EXT 2020"]
[Source "ChessBase"]
[SourceDate "2019.10.17"]
[SourceVersion "1"]
[SourceVersionDate "2019.10.17"]
[SourceQuality "1"]

1. d4 Nf6 2. c4 g6 3. Nc3 Bg7 4. Nf3 0-0 5. Bg5 h6 6. Bxf6 Bxf6 7. e3 d6 8. Bd3 e5 9. 0-0 Re8 10. Rc1 Nc6 11. d5 Nb4 12. Bb1 Bg7 13. a3 Na6 14. b4 f5 15. Nb5 e4 16. Nfd4 Bd7 17. Ne6 Bxe6 18. dxe6 Qc8 19. c5 dxc5 20. Ba2 cxb4 21. Nd6 Qb8 22. Nxe8 Qxe8 23. Qb3 Qe7 24. Rfd1 Kh7 25. Rd7 Qe8 26. axb4 b6 27. Qc4 1-0

[Event "Foment Martinenc op-B 21st"]
[Site "Barcelona"]
[Date "2019.06.01"]
[Round "6"]
[White "Roca Llorca, Josep"]
[Black "Rodriguez Sune, Sergi"]
[Result "1-0"]
[WhiteElo "1713"]
[BlackElo "1454"]
[PlyCount "41"]
[EventDate "2019.04.27"]
[EventType "swiss"]
[EventRounds "9"]
[EventCountry "ESP"]
[SourceTitle "EXT 2020"]
[Source "ChessBase"]
[SourceDate "2019.10.17"]
[SourceVersion "1"]
[SourceVersionDate "2019.10.17"]
[SourceQuality "1"]

1. d4 Nf6 2. Nf3 g6 3. g3 Bg7 4. Bg2 d6 5. 0-0 0-0 6. a4 a5 7. c3 Re8 8. Na3 Bd7 9. Qb3 Qc8 10. Ng5 c6 11. Qxf7+ Kh8 12. Qb3 d5 13. e4 h6 14. Nf7+ Kg8 15. Ne5 Be6 16. exd5 Nxd5 17. Qc2 Bf5 18. Qe2 Nb6 19. Nac4 Nxc4 20. Nxc4 Nd7 21. g4 1-0

[Event "Foment Martinenc op-B 21st"]
[Site "Barcelona"]
[Date "2019.05.18"]
[Round "4"]
[White "Rodriguez Sune, Sergi"]
[Black "Quintana Griera, David"]
[Result "1/2-1/2"]
[WhiteElo "1454"]
[BlackElo "1774"]
[PlyCount "97"]
[EventDate "2019.04.27"]
[EventType "swiss"]
[EventRounds "9"]
[EventCountry "ESP"]
[SourceTitle "EXT 2020"]
[Source "ChessBase"]
[SourceDate "2019.10.17"]
[SourceVersion "1"]
[SourceVersionDate "2019.10.17"]
[SourceQuality "1"]

1. d4 Nf6 2. Bf4 c5 3. e3 cxd4 4. exd4 Qb6 5. b3 d5 6. Nf3 Bg4 7. Be2 Nc6 8. c3 e6 9. Nbd2 Be7 10. h3 Bh5 11. Ne5 Bxe2 12. Qxe2 0-0 13. Ng4 Rac8 14. Qd3 h6 15. Nf3 Ne4 16. Nd2 Nf6 17. Nxf6+ Bxf6 18. g4 e5 19. dxe5 Nxe5 20. Bxe5 Bxe5 21. Rc1 Bd4 22. 0-0 Bf6 23. Rc2 d4 24. c4 Qd6 25. Ne4 Qf4 26. Nxf6+ Qxf6 27. Re2 Rfe8 28. Rfe1 Rxe2 29. Rxe2 Kf8 30. Qe4 Rd8 31. Kg2 d3 32. Rd2 Qc3 33. Qe3 a5 34. Qf4 g5 35. Qe3 a4 36. bxa4 Qxc4 37. a5 Qd5+ 38. Qf3 Qxf3+ 39. Kxf3 Rd5 40. Ke4 Rxa5 41. Kd4 Ke7 42. Kc4 Ra8 43. Kxd3 Rd8+ 44. Ke3 Rxd2 45. Kxd2 Kd6 46. Kc3 Kc5 47. a3 b6 48. a4 Kc6 49. Kc4 1/2-1/2